000 00284nam a22001217a 4500
008 181024b xxu||||| |||| 00| 0 eng d
041 _aeng
080 _a615
100 _a5
101 _aFAR
245 _aThe Pharmacological Basis Of Therapeutics
_cGodman,S,L
942 _2udc
_cBK
999 _c50827
_d50827